Законите на човешката природа (Запис номер 389511)
[ съкратено ]
| 000 -Лидер | |
|---|---|
| Контролно поле с фиксирана дължина | 01167nam a2200325 a 4500 |
| 003 - Код на организацията, давaща контролен номер | |
| Контролно поле | BLK |
| 005 - Дата и час на последна редакция | |
| Контролно поле | 20250707161900.0 |
| 008 - Елементи от данни с фиксирана дължина | |
| fixed length control field | 200930b bu |||||r|||| 00| | bu d |
| 020 ## - Международен стандартен номер на книга ISBN | |
| Международен стандартен номер на книга ISBN | 9789542831457 |
| 040 ## - Източник на каталожния запис | |
| Идентификатор на билиотеката - собственик на записа | BLK |
| 041 ## - Код за език | |
| Код за езика на текст/звукозапис или на отделно заглавие | Български |
| Код за езика КДБФ | Български |
| 080 ## - УДК | |
| Текстов определител УДК | Психология |
| УДК код - определител по УДК | 159.9 |
| УДК - код + определител | 159.9 |
| 100 ## - Редна дума - Автор | |
| R(LIN) | 273272 |
| Автор | Грийн, Робърт |
| Авторска отговорност | първи автор |
| 139 ## - Редно поле | |
| Редна дума | Грийн, Робърт |
| Авторски знак | Гри - Г 81 |
| 245 ## - Сведения за заглавието | |
| Заглавие | Законите на човешката природа |
| Редно поле (дума) | Робърт Грийн ; прев. от англ. Марин Загорчев |
| 257 ## - Страна на издаване | |
| Страна на създаване/издаване | Съединени американски щати |
| 260 ## - Област на издателските данни | |
| 9 (RLIN) | 217021 |
| Място на издаване, разпространение и проч. | София |
| Име на издателя, разпространителя и проч. | Сиела Норма |
| Година на издаване | 2020 |
| 300 ## - Физическа характеристика | |
| Страници | 832 с. |
| Размери/Мащаб | 22 см |
| 380 ## - Жанр | |
| Жанр | Философия |
| 500 ## - Общи забележки | |
| Забележка | Ориг. загл. The Laws of human nature / Robert Green |
| 504 ## - Забележка за наличие на библиография и др | |
| Забележка за наличие на библиография и под. | Библиогр. 825-831 с. |
| 653 #7 - Ключова дума – ненормативна | |
| 9 (RLIN) | 186284 |
| Ключова дума | емоции |
| 653 #7 - Ключова дума – ненормативна | |
| 9 (RLIN) | 199778 |
| Ключова дума | характер |
| 653 #7 - Ключова дума – ненормативна | |
| 9 (RLIN) | 196049 |
| Ключова дума | самоусъвършенстване |
| 700 ## - Други автори (авторска отговорност) | |
| Лично име | Загорчев, Марин Иванов |
| Дати, свързани с автора | 1972- |
| 9 (RLIN) | 368351 |
| 999 ## - СИСТЕМНИ КОНТРОЛНИ НОМЕРА | |
| Koha biblionumber | 389511 |
| Koha biblioitemnumber | 389511 |
| 942 ## - АРТИКУЛИ | |
| Вид на библиотечния материал | Книги |
| Скрит в OPAC | Не |
| Периодичен библиозапис | Да |
| Koha issues (borrowed), all copies | 26 |
| 944 ## - СЪЗДАВАНЕ И РЕДАКЦИЯ на ЗАПИСА | |
| Създаване/Редакция | Създаване |
| Дата на регистрацията/редакция | 2020-09-30 |
| Служител, извършил регистрацията/редакцията | 30552 |
| Статус, дата на статуса | Виолета Тройчева |
| 999 ## - СИСТЕМНИ КОНТРОЛНИ НОМЕРА | |
| Koha biblioitemnumber | 389511 |
| 999 ## - СИСТЕМНИ КОНТРОЛНИ НОМЕРА | |
| Koha biblioitemnumber | 389511 |
| Код за отписване | Код за изгубен артикул | Източник на класификационната схема | Код за повреда | Коз за рестрикции | Код за отдаване | Артикулен № | Име на библиотеката - собственик | Име на библиотеката, в която се намира в момента | Статус (Текущо местоположение) | Дата на вписване в системата | Местоположение - отдел | Цена в лева | Систематично азбучна сигнатура | Баркод | Цена в евро | Служебен тип на артикула |
|---|---|---|---|---|---|---|---|---|---|---|---|---|---|---|---|---|
| Не е изгубен | Universal Decimal Classification | Не е повреден | без рестрикции | заемане за дома | 802136 | Регионална библиотека "Любен Каравелов" Русе | Регионална библиотека "Любен Каравелов" Русе | Заемна - подръчен фонд | 2020-10-01 | Заемна - подръчен фонд | 19.50 | 159.9/Г 81 Р | 120000848202 | 9.97 | Книги | |
| Не е изгубен | Universal Decimal Classification | Не е повреден | без рестрикции | заемане за дома | 802137 | Регионална библиотека "Любен Каравелов" Русе | Регионална библиотека "Любен Каравелов" Русе | Заемна - подръчен фонд | 2020-10-01 | Заемна - подръчен фонд | 19.50 | 159.9/Г 81 Р | 120000848201 | 9.97 | Книги |